[Event "New Delhi Parsvnath op 10th"]
[Site "New Delhi"]
[Date "2012.01.16"]
[Round "3"]
[White "Sarthak, Mahajan"]
[Black "Deepak, Katiyar"]
[Result "1-0"]
[WhiteElo "1664"]
[BlackElo "2218"]
[PlyCount "66"]
[EventDate "2012.01.15"]
[EventType "swiss"]
[EventRounds "11"]
[EventCountry "IND"]
[SourceTitle "CBM 146 Extra"]
[Source "ChessBase"]
[SourceDate "2012.02.29"]
[SourceVersion "1"]
[SourceVersionDate "2012.02.29"]
[SourceQuality "1"]

1. e4 e6 2. d4 d5 3. exd5 exd5 4. Bd3 Bd6 5. h3 Ne7 6. Nf3 0-0 7. 0-0 Bf5 8. Nc3 c6 9. Bxf5 Nxf5 10. Qd3 Ne7 11. Ng5 Ng6 12. f4 Re8 13. Qf3 h6 14. Nxf7 Kxf7 15. f5 Nf8 16. Qh5+ Ke7 17. Qg4 Kf7 18. Bxh6 gxh6 19. f6 Ng6 20. h4 Qd7 21. Qh5 Rh8 22. Rae1 Na6 23. Nd1 Rae8 24. Ne3 Bg3 25. Re2 Bxh4 26. Nf5 Rxe2 27. Nxh4 Rg8 28. Nf5 Rxg2+ 29. Kxg2 Kf8 30. Qxh6+ Ke8 31. f7+ Kxf7 32. Qh7+ Ke6 33. Qxg8+ Qf7 1-0